00337pab a2200133 454500008004000000100001500040245003700055260000900092300001500101362001200116650001700128650001400145773004400159180718b1962 xxu||||| |||| 00| 0 eng d aJain, L.C. aPanchayati Raj and co-operatives c1962 ap.595-601. aOct-Dec aCooperatives aPanchayat aIndian Journal of Public Administration